| 000 | 00325nam a2200097Ia 4500 | ||
|---|---|---|---|
| 008 | 220120s9999||||xx |||||||||||||| ||und|| | ||
| 100 |
_aUthappa and others _912504 |
||
| 245 | 0 | _aFinding shortest path using GPS navigator with voice anounce | |
| 260 |
_aCoorg Institute of Technology _bPonnampet _c2014 |
||
| 650 | _aCOMPUTER SCIENCE | ||
| 999 |
_c138102 _d138102 |
||